[Event "Stay Safe Play From Home 358"]
[Site "Emanuel Lasker Arena"]
[Date "2020.08.05"]
[Round "9"]
[White "AChessPlayer"]
[Black "Tran Minh Thang"]
[Result "1-0"]
[WhiteElo "2400"]
[BlackElo "2511"]
[Annotator "TA"]
[PlyCount "121"]
[EventDate "2020.08.05"]
[EventType "swiss (blitz)"]

{[%evp 9,121,6,17,-7,-14,-16,-4,-31,-20,-29,-4,2,12,0,52,0,0,-12,0,-22,-29,-35,27,-27,-6,0,0,0,0,0,94,35,31,0,0,0,43,43,80,72,63,64,148,146,183,182,226,18,115,121,127,111,112,18,184,191,222,153,387,368,364,297,314,306,275,208,187,197,176,183,179,177,193,115,237,136,378,370,331,162,245,245,237,223,287,281,332,335,315,268,353,287,270,262,266,260,295,289,340,333,956,956,900,894,790,756,1546,1546,29994,29995,29998,29996,29996,29996]} 1. Nf3 Nf6 2. g3 g6 3. Bg2 Bg7 4. O-O O-O 5. d4 d5 6. a4 {D02: 1 d4 d5 2 Nf3 sidelines, including 2...Nf6 3 g3 and 2...Nf6 3 Bf4.} c5 7. dxc5 Na6 {[%cal Bb8a6,Ba6c5,Bc5e4][%mdl 32] [#]} 8. c3 $146 {The position is equal.} ({Predecessor:} 8. a5 Nxc5 9. Nc3 Nce4 10. Nxe4 Nxe4 11. c3 e5 12. Qb3 Nc5 13. Qb5 Qd6 14. Be3 {½-½ (48) Meskovs,N (2582)-Starostits,I (2490) Panevezys 2020}) 8... Nxc5 9. Be3 Nce4 10. Bd4 Bg4 11. Nbd2 Qc8 (11... Qc7 $11) 12. Re1 (12. Nxe4 $14 dxe4 13. Ng5) 12... Bh3 13. Bh1 Rd8 14. Qc2 Bf5 15. Qb3 b6 (15... Qc7 $15) 16. Rad1 ({Better is} 16. a5) 16... Qc7 17. Be5 Qb7 18. Nd4 Nxd2 19. Rxd2 Be4 (19... Ne4 $11 20. Bxe4 dxe4 21. Bxg7 Bh3) 20. Bxf6 (20. f3 $16) 20... Bxf6 $14 21. Bxe4 (21. f3 $5 {[%cal Rf3e4]} Bxd4+ 22. Rxd4 $11) 21... dxe4 22. Red1 e3 23. fxe3 Bg5 24. Rd3 $40 {[%mdl 128] White has strong attack.} Qe4 25. Kf2 Rd5 (25... Rd6 $14) 26. Nf3 $1 $16 Rf5 27. Qb4 Qe6 28. Rd8+ $2 (28. e4 $18 Rc5 29. e5) 28... Rxd8 (28... Kg7 $1 $11 29. R8d3 (29. Rxa8 Qxe3+ 30. Ke1 Re5 $14) 29... Bf6) 29. Rxd8+ Kg7 30. Qd4+ Bf6 31. Qd3 ({White should try} 31. Qd7 $16) 31... h5 $2 (31... Ra5 $1 $11) 32. e4 $18 Rc5 33. Rd5 Qh3 $2 (33... Rxd5 $16 {was worth a try.} 34. exd5 (34. Qxd5 Qxd5 35. exd5 e6 $16) 34... Qd6) 34. Rxc5 bxc5 35. e5 Bxe5 36. Nxe5 Qxh2+ 37. Ke3 Qxg3+ {[#]} 38. Nf3 $1 h4 {[#]} 39. Qe4 $1 h3 40. Qf4 Qg2 41. Qh2 (41. Qe5+ $18 Kg8 42. Kd2 (42. Qxe7 Qg3 $16)) 41... Qg4 (41... Qxh2 $16 42. Nxh2 g5) 42. Kf2 (42. Qe5+ $18 Kg8 43. Qf4 (43. Qxe7 Qg3 $16)) 42... c4 $2 (42... f6 $16 {was called for.}) 43. Qg3 Qd7 44. Kg1 (44. Qf4 $142) 44... f6 (44... Qd1+ $142 45. Kf2 Qd8 46. Qe5+ (46. Qxh3 Qb6+ 47. Kf1 Qxb2 $16) 46... f6) 45. Kh2 Qxa4 46. Qxh3 Qc2 47. Qe6 {[%mdl 64] Double Attack} Qxb2 48. Qxe7+ {[%mdl 64] Double Attack} Kh6 49. Qe3+ Kg7 50. Nd4 {Qe7+ is the strong threat.} Qb8+ 51. Kg2 {Hoping for Qe7+.} Qb7+ 52. Kf2 Qf7 53. Ne6+ Kg8 54. Qe4 a6 $2 (54... a5 55. Nd8 f5) 55. Qa8+ Kh7 56. Qxa6 Qe7 57. Qxc4 f5 58. Qd5 Qf7 59. Ng5+ {[%mdl 64] Double Attack. White mates.} Kg8 60. Nxf7 Kg7 61. Ne5 {Accuracy: White = 68%, Black = 39%.} 1-0

[Event "Stay Safe Play From Home 358"]
[Site "Emanuel Lasker Arena"]
[Date "2020.08.05"]
[Round "9"]
[White "BrainThinker22"]
[Black "Ao017545"]
[Result "1-0"]
[WhiteElo "2352"]
[BlackElo "1521"]
[Annotator "NA RC"]
[PlyCount "57"]
[EventDate "2020.08.05"]
[EventType "swiss (blitz)"]

1. e4 {[%emt 0:00:02]} e5 {[%emt 0:00:00]} 2. Qh5 {[%emt 0:00:01]} Nc6 {[%emt 0:00:04]} 3. Bc4 {[%emt 0:00:01]} g6 {[%emt 0:00:00]} 4. Qf3 {[%emt 0:00:01]} Nf6 {[%emt 0:00:02]} 5. c3 {[%emt 0:00:00]} Bc5 {[%emt 0:00:03]} 6. h3 {[%emt 0:00:01]} d5 {[%emt 0:00:04]} 7. exd5 {[%emt 0:00:01]} e4 {[%emt 0:00:02]} 8. Qe2 {[%emt 0:00:02]} Ne5 {[%emt 0:00:02]} 9. Bb5+ {[%emt 0:00:02]} c6 {[%emt 0:00:02]} 10. dxc6 {[%emt 0:00:01]} bxc6 {[%emt 0:00:00]} 11. d4 {[%emt 0:00:06]} Bxd4 {[%emt 0:00:09]} 12. cxd4 {[%emt 0:00:03]} Qxd4 {[%emt 0:00:01]} 13. Be3 {[%emt 0:00:07]} Qb4+ {[%emt 0:00:04]} 14. Nc3 {[%emt 0:00:00]} cxb5 {[%emt 0:00:05]} 15. Qxb5+ {[%emt 0:00:01]} Qxb5 {[%emt 0:00:02]} 16. Nxb5 {[%emt 0:00:00]} Nd3+ {[%emt 0:00:01]} 17. Kf1 {[%emt 0:00:01]} O-O {[%emt 0:00:02]} 18. Ne2 {[%emt 0:00:03]} Nxb2 {[%emt 0:00:03]} 19. Rb1 {[%emt 0:00:01]} Nc4 {[%emt 0:00:03]} 20. Bd4 {[%emt 0:00:01]} Nd2+ {[%emt 0:00:01]} 21. Ke1 {[%emt 0:00:02]} Nxb1 {[%emt 0:00:00]} 22. Bxf6 {[%emt 0:00:01]} Ba6 {[%emt 0:00:02]} 23. Nc7 {[%emt 0:00:03]} Rac8 {[%emt 0:00:00]} 24. Nxa6 {[%emt 0:00:02]} Rc6 {[%emt 0:00:01]} 25. Nb4 {[%emt 0:00:06]} Rxf6 {[%emt 0:00:01]} 26. Nd5 {[%emt 0:00:00]} Rc6 {[%emt 0:00:03]} 27. Ne7+ {[%emt 0:00:00]} Kg7 {[%emt 0:00:02]} 28. Nxc6 {[%emt 0:00:00]} Rc8 {[%emt 0:00:00]} 29. Ncd4 {[%emt 0:00:01] Zaman Zaman Zaman Zaman Zaman (Lag: Av=0.68s, max=1.0s) (Lag: Av=0.68s, max=1.0s) (Lag: Av=0.68s, max=1.0s) (Lag: Av=0.68s, max=1.0s) (Lag: Av=0.68s, max=1.0s)} 1-0

[Event "Stay Safe Play From Home 358"]
[Site "Emanuel Lasker Arena"]
[Date "2020.08.05"]
[Round "9"]
[White "Little champs"]
[Black "SelamiSahin"]
[Result "0-1"]
[WhiteElo "2188"]
[BlackElo "2144"]
[Annotator "TA"]
[PlyCount "138"]
[EventDate "2020.08.05"]
[EventType "swiss (blitz)"]

{[%evp 9,137,12,16,9,11,-8,0,0,0,-14,-6,-8,-12,-3,45,21,34,30,127,118,133,66,191,165,179,0,0,0,184,168,179,129,129,111,509,0,0,0,0,-91,-87,-927,-485,-477,-477,-390,-477,-470,-464,-435,-415,-642,-668,-558,-615,-664,-623,-745,-678,-1909,-1795,-12833,-12833,-12837,-12838,-12845,-12845,-12851,-27999,-12851,-27999,-12851,-27999,-12851,-27999,-12851,-29980,-12851,-29981,-12851,-29984,-12851,-29986,-12851,-29959,-12851,-29988,-12851,-27999,-12851,-29990,-12851,-29991,-12851,-29992,-29988,-29993,-29990,-29994,-29990,-29993,-29988,-29993,-12851,-29992,-12851,-27998,-27999,-27997,-27999,-27998,-27992,-27992,-27994,-27988,-27995,-27995,-27997,-27997,-27998,-27996,-27997,-27996,-27997,-27997,-27998,-27998,-27999,-27999,-27999]} 1. d4 c6 2. e3 d5 3. Nf3 Nf6 4. Be2 Bg4 5. O-O e6 6. c4 {D04: Colle System.} Nbd7 7. Ne5 Bxe2 8. Qxe2 {The position is equal.} Nxe5 9. dxe5 Nd7 {[#]} 10. cxd5 $146 ({Predecessor:} 10. f4 Bc5 11. Nc3 Qe7 12. a3 a5 13. Kh1 O-O 14. Bd2 Rfd8 15. Rad1 Nb6 16. cxd5 cxd5 {½-½ (37) Lupik,M (2163)-Dolzhikova,K (2294) St Petersburg 2009}) 10... cxd5 11. e4 dxe4 12. Qxe4 Qb6 13. Nc3 Bb4 (13... Qc6 $11) 14. Be3 $36 {[%mdl 2048] White has strong initiative.} Qa5 15. Rad1 (15. Qxb7 $16 Rb8 16. Qxa7) 15... Nc5 (15... Nb6 $1 $14) 16. Qc4 ({Don't do} 16. Bxc5 $6 Bxc5 17. Rd7 (17. Qxb7 O-O $14) 17... O-O $14) 16... O-O 17. a3 $2 ({White must play} 17. Nb5 $1 $18) 17... Bxc3 $1 $11 18. Bxc5 Bxe5 $2 (18... Rfc8 $11 19. b4 Qxa3) 19. Bxf8 $18 Rxf8 20. Rd7 Bxb2 21. Rxb7 Qxa3 $2 {[%mdl 8192] [#]} (21... Bxa3 $16 {is tougher.} 22. Ra1 Qc5) 22. Qc7 $2 ({Only move:} 22. Rb3 $1 $18) 22... Bd4 $1 $11 23. g3 e5 24. Rd1 (24. Qc2 $11 {remains equal.}) 24... Qf3 $17 {Black continues to play with concentration.} 25. Qc2 $2 {[%mdl 8192]} (25. Rd2 $17) 25... Bxf2+ 26. Qxf2 Qxd1+ $19 {[%mdl 4096] Endgame KQR-KQR} 27. Kg2 Qd5+ 28. Qf3 Qxf3+ 29. Kxf3 {KR-KR} Ra8 30. Rb4 (30. Rb5 $142 f6 31. Ra5) 30... a5 31. Ra4 f5 32. Ke3 g5 33. h4 h6 34. hxg5 hxg5 35. g4 fxg4 36. Ke4 Kg7 37. Kxe5 Kg6 38. Rxg4 a4 {[%cal Ba5a4,Ba4a3][%mdl 32]} 39. Rg1 a3 40. Ra1 Ra4 41. Kd5 g4 42. Kc5 Kf5 (42... a2 $19 43. Kb5 Ra8) 43. Kb5 Ra8 (43... Rf4 $19 44. Rxa3 Rf3) 44. Kb4 g3 45. Kb3 g2 46. Ka2 Kf4 (46... Rg8 $19 47. Kb3 {[#]} a2 $1 {[%mdl 576] Promotion}) 47. Rg1 Kg3 48. Rb1 Kh2 49. Rb7 g1=Q 50. Rh7+ Kg2 51. Rg7+ Kf2 52. Rf7+ Ke3 53. Re7+ Kd3 54. Rd7+ Kc4 55. Rc7+ Kb5 56. Rb7+ Ka6 57. Rb3 Qf2+ 58. Kxa3 {Black mates.} Qc5+ 59. Kb2 {[#]} Qb5 $1 60. Rxb5 Kxb5 {KR-K} 61. Kc3 Ra4 {[%cal Ba8a4,Ba4c4,Bc4c3,Bc3b3,Bb3a3][%mdl 32]} 62. Kb3 Rc4 63. Kb2 Kb4 64. Ka2 Rc3 65. Kb2 Kc4 66. Ka2 Rb3 67. Ka1 Kc3 68. Ka2 Kc2 69. Ka1 Ra3# {Accuracy: White = 54%, Black = 69%.} 0-1

[Event "Stay Safe Play From Home 358"]
[Site "Emanuel Lasker Arena"]
[Date "2020.08.05"]
[Round "9"]
[White "SoulofWolf"]
[Black "Tolka"]
[Result "1-0"]
[WhiteElo "2178"]
[BlackElo "2331"]
[Annotator "TA"]
[PlyCount "127"]
[EventDate "2020.08.05"]
[EventType "swiss (blitz)"]

{[%evp 9,126,-21,-14,-7,-16,-66,0,0,14,0,18,4,23,31,78,58,91,0,0,-12,33,-43,0,31,47,-195,84,58,72,0,169,41,128,135,152,103,107,-47,131,95,106,16,62,0,0,1,58,-16,68,-127,-20,-84,-87,-480,-475,-480,-482,-505,-504,-500,-502,-481,-499,-489,-464,-491,-69,-334,0,-399,-381,-394,-335,-360,-322,-294,1485,1518,12020,11314,29978,2284,29976,29979,29982,29977,29986,29987,29985,29986,29986,29987,29987,29986,29987,29988,29992,29989,29990,29991,29991,29991,29992,29992,29993,29993,29995,29994,29994,29994,29995,29993,29994,29995,29995,29995,29998,29999,29999]} 1. e4 d6 2. Nc3 Nf6 3. f4 g6 4. Bc4 Bg7 5. Nge2 O-O 6. O-O {B07: Pirc Defence: Miscellaneous Systems.} c5 {[#]} 7. a4 $146 ({Predecessor:} 7. d3 Nc6 8. Be3 Bd7 9. a3 Ng4 10. Bd2 Nd4 11. f5 Qc7 12. h3 Ne5 13. Nd5 Qd8 14. Ba2 Nec6 15. c3 Nxe2+ 16. Qxe2 {½-½ (16) Dang,N (1958)-Le,T (1940) Hai Phong 2018}) 7... Bg4 (7... Nxe4 $15 8. Nxe4 d5 9. Bxd5 Qxd5) 8. h3 {The position is equal.} Bxe2 9. Qxe2 Nc6 10. d3 Nd4 11. Qf2 Nh5 12. Be3 Rb8 13. Nd5 (13. g4 $16 Nf6 14. f5 (14. Bxd4 Nxe4 15. Bxg7 Nxf2 $11)) 13... e6 $11 14. Nc3 a6 15. Nd1 (15. g4 $14 Nf6 16. a5) 15... b5 (15... f5 $15) 16. Ba2 $1 $14 bxa4 17. Bc4 $2 (17. c3 $1 $14 {stays ahead.}) 17... Nb5 $2 (17... d5 $19 18. exd5 exd5) 18. Rxa4 Nd4 19. Rxa6 (19. g4 $16 Nf6 20. c3 (20. Bxa6 Qd7 $16) (20. Rxa6 d5 $16) (20. Bxd4 cxd4 21. f5 gxf5 $14)) 19... Nf6 $2 (19... d5 $11 20. exd5 exd5) 20. Ra3 (20. c3 $1 $18 {[%cal Rc3d4]} d5 21. exd5 (21. cxd4 dxc4 22. e5 cxd4 $16) 21... exd5 22. Ba2 (22. cxd4 dxc4 23. dxc5 Qxd3 $14)) 20... Ne8 ({Black should play} 20... d5 $14) 21. c3 Nc6 22. Ra6 Qc8 23. b3 $2 (23. Qf3 $16) 23... Nd8 $2 (23... d5 $1 $15 {keeps the upper hand.} 24. Ra4 (24. exd5 exd5 25. Bxd5 Qxa6 $17) 24... dxc4 25. bxc4 Qd7 26. Bxc5 Qxd3 {[%mdl 64] Double Attack}) 24. Ra1 Nc7 25. Rc1 (25. f5 $16) 25... Nc6 26. d4 (26. f5 $14) 26... cxd4 $11 27. cxd4 Qd7 (27... d5 $11) 28. Nc3 (28. d5 $14 exd5 29. exd5) 28... Na5 ({Better is} 28... d5 $11 29. exd5 exd5) 29. Qe2 $2 (29. f5 $14) 29... Nxb3 ({Black should try} 29... d5 $1 $17 {[%cal Rd5c4]} 30. Bd3 (30. exd5 exd5 31. Bd3 Nxb3 $17 {[%mdl 64] Double Attack}) 30... Nxb3) 30. Rb1 (30. Bxb3 $11 {keeps the balance.} Rxb3 31. Qc2) 30... Nxd4 $17 31. Bxd4 $4 {[%mdl 8192]} (31. Qd2 $17 Rxb1 32. Rxb1) 31... Bxd4+ $19 32. Kh1 Bxc3 33. Rbc1 Bg7 34. f5 exf5 35. exf5 d5 36. Bd3 Rbe8 37. Qc2 Qd6 $2 (37... Re3 $19 38. Qxc7 Qxc7 39. Rxc7 Rxd3 40. fxg6 hxg6) 38. fxg6 $2 {[%mdl 8192]} (38. Qxc7 $15 Qxc7 39. Rxc7) 38... Ne6 $2 ({Less strong is} 38... hxg6 39. Qxc7 Qe6 40. Qf4 $17) (38... fxg6 $19 39. Qxc7 Qxc7 40. Rxc7 Rxf1+ 41. Bxf1 Re1 $1 {[%mdl 512]} 42. Rc8+ Kf7 43. Rc7+ Ke6 44. Rxg7 Rxf1+ 45. Kh2 d4) 39. gxh7+ $2 {[%mdl 8192]} (39. gxf7+ $11 Rxf7 40. Bxh7+ Kf8 41. Bg6 (41. Rxf7+ Kxf7 42. Bg6+ {[%mdl 64] Skewer} Ke7 $14)) 39... Kh8 40. Rcd1 Qg3 {...Be5 is the strong threat.} 41. Rf3 Qh4 {Strongly threatening ...Nd4.} 42. Qf2 Ng5 $4 {[%mdl 8192]} (42... Qa4 $19 43. Bc2 Qa2) 43. Qxh4 $18 Nxf3 44. gxf3 Re3 45. Qf2 (45. Rg1 $142 f6 46. Qg3 Re7 {[#]} 47. Qd6 $1 {[%mdl 512]} Ref7 48. Qxd5 f5 49. Bc4 f4 50. Qd6) 45... Rxd3 46. Rxd3 {White mates.} Re8 47. Qd2 Rf8 48. Rxd5 Re8 49. Rd8 Rxd8 50. Qxd8+ Kxh7 51. Qd7 Kg8 52. Kg2 Be5 53. f4 Bg7 54. Kf3 Bf8 55. Kg4 Bg7 56. Kf5 Bf8 57. h4 Bg7 58. h5 Bf8 59. Qa7 Bg7 60. Qb7 Bf8 {[#]} 61. Qc8 $1 Kg7 {[#]} 62. h6+ $1 Kh7 (62... Kxh6 63. Qxf8+) 63. Qxf8 {[%csl Gh6][%cal Rf8g7]} f6 64. Qg7# {White used his chance. Accuracy: White = 29%, Black = 31%.} 1-0

[Event "Stay Safe Play From Home 358"]
[Site "Emanuel Lasker Arena"]
[Date "2020.08.05"]
[Round "9"]
[White "TheCHESSHOUSE"]
[Black "Greblha"]
[Result "0-1"]
[WhiteElo "2088"]
[BlackElo "1936"]
[Annotator "TA"]
[PlyCount "132"]
[EventDate "2020.08.05"]
[EventType "swiss (blitz)"]

{[%evp 20,131,19,19,29,20,22,16,31,23,58,19,24,27,61,80,64,67,175,-8,72,80,357,-552,-556,-589,-587,-595,-562,-562,-541,-602,-599,-710,0,-519,0,-762,-762,-747,-747,-743,-742,-783,-854,-858,-858,-822,-842,-941,-933,-933,-904,-909,-871,-900,-916,-920,83,-983,-981,-5327,-5177,-5732,-1531,-29968,-29970,-12801,-9887,-29979,-29980,-29975,-29976,-29981,-29982,-29983,-29984,-29987,-29988,-29988,-29987,-29987,-29988,-29988,-29987,-29987,-29987,-29988,-29988,-29988,-29989,-29989,-29990,-29993,-29993,-29994,-29994,-29996,-29996,-29996,-29997,-29997,-29998,-29998,-29999,-29999,-29998,-29998,-29998,-29998,-29998,-29998,-29999,-29999]} 1. d4 c6 2. c4 d5 3. cxd5 cxd5 4. Nc3 Nf6 5. Bf4 Nc6 6. Nf3 e6 7. Rc1 Bd6 8. Bxd6 Qxd6 9. e3 a6 10. Be2 {has lost popularity (10.Bd3).} O-O 11. O-O b5 {D13: Slav Defence: Exchange variation without ...Bf5.} 12. h3 Bb7 13. a3 Rac8 {The position is equal.} 14. b4 Rc7 {[#]} 15. Ne1 $146 ({Predecessor:} 15. Qd2 Rfc8 16. Bd3 Ne7 17. Ne2 Ne4 18. Qb2 Nf5 19. Nd2 Qb6 20. Nb3 Nfd6 21. Bxe4 dxe4 22. Rxc7 Rxc7 {0-1 (86) Bochecha,L-Prata,J Portugal 1997}) 15... Rfc8 16. Nd3 Ne4 17. Nxe4 dxe4 18. Nc5 Qd5 (18... Ne7 $14) 19. Qb3 $2 ({Better is} 19. Nxb7 $18 Rxb7 20. Rc5) 19... Qxb3 (19... Nxd4 $1 $11 20. Qb2 (20. exd4 Rxc5 21. Qxd5 Rxd5 $17) 20... Nxe2+ 21. Qxe2 Qg5) 20. Nxb3 $16 Nxd4 $2 {[%mdl 8192]} (20... Ne7 $16 {is a better defense.}) 21. Rxc7 $4 {[%mdl 8192]} (21. exd4 $18 {was the only winning move. Black must now prevent Rxc7.} Rxc1 22. Rxc1) 21... Nxe2+ $19 22. Kh1 Rxc7 23. Rd1 {[%cal Rd1d8]} g6 24. Nc5 Bd5 25. Kh2 Nc3 26. Rd4 {[#]} Ne2 $2 (26... a5 $1 $19 27. f4 (27. bxa5 Rxc5) 27... Ra7) 27. Rd2 $2 {[%mdl 8192]} (27. Rd1 $1 $11 {and White has nothing to worry.} a5 28. Re1) 27... Nc3 $2 (27... Nc1 $19 28. Kg3 {[#]} a5 $1 {[%mdl 512]}) 28. Rc2 $2 {[%mdl 8192]} (28. Rd4 $11 a5 29. f4) 28... Na4 29. Kg3 Nxc5 30. bxc5 {[%mdl 4096] Endgame KRB-KR} Kf8 31. f3 exf3 32. gxf3 f5 33. Kf4 Ke7 34. e4 fxe4 35. fxe4 Bb3 36. Rc3 Bc4 37. Ke5 Rxc5+ 38. Kd4 e5+ $2 (38... Rh5 $19 39. e5 Kd7) 39. Ke3 $2 {[%mdl 8192]} (39. Kxc5 $16 g5 40. Kb6) 39... Kd6 40. a4 bxa4 41. Ra3 Bb5 42. Kf3 Rc4 43. Kg4 Kc5 44. Kg5 Rxe4 {Black mates.} 45. Ra1 Kb4 46. h4 a3 47. h5 gxh5 48. Kxh5 Bc4 49. Rb1+ Bb3 50. Ra1 a2 51. Rc1 Ka3 52. Kg5 Re2 53. Rg1 Kb2 54. Rf1 a1=Q 55. Rxa1 Kxa1 56. Kh6 e4 57. Kg7 e3 58. Kh8 Rf2 59. Kg7 e2 60. Kh6 e1=Q 61. Kg7 Qg1+ 62. Kh8 h5 {[%csl Gb3][%cal Rg1g8]} 63. Kh7 h4 64. Kh6 h3 65. Kh7 h2 {[%cal Rh2h1]} 66. Kh8 h1=Q# {Accuracy: White = 47%, Black = 32%.} 0-1

[Event "Stay Safe Play From Home 358"]
[Site "Emanuel Lasker Arena"]
[Date "2020.08.05"]
[Round "9"]
[White "Edmatuag"]
[Black "Haris kollari 13"]
[Result "1-0"]
[WhiteElo "1698"]
[BlackElo "1742"]
[Annotator "NA RC"]
[PlyCount "71"]
[EventDate "2020.08.05"]
[EventType "swiss (blitz)"]

1. d4 {[%emt 0:00:02]} e6 {[%emt 0:00:00]} 2. c4 {[%emt 0:00:02]} d5 {[%emt 0:00:00]} 3. Nc3 {[%emt 0:00:02]} c6 {[%emt 0:00:00]} 4. Nf3 {[%emt 0:00:01]} f5 {[%emt 0:00:01]} 5. e3 {[%emt 0:00:01]} Nf6 {[%emt 0:00:01]} 6. Bd3 {[%emt 0:00:01]} Bd6 {[%emt 0:00:01]} 7. Ne5 {[%emt 0:00:02]} Nbd7 {[%emt 0:00:02]} 8. Nxd7 {[%emt 0:00:02]} Bxd7 {[%emt 0:00:02]} 9. O-O {[%emt 0:00:00]} Qc7 {[%emt 0:00:01]} 10. h3 {[%emt 0:00:06]} g5 {[%emt 0:00:02]} 11. cxd5 {[%emt 0:00:02]} cxd5 {[%emt 0:00:02]} 12. Nb5 {[%emt 0:00:03]} Qb6 {[%emt 0:00:04]} 13. Nxd6+ {[%emt 0:00:02]} Qxd6 {[%emt 0:00:01]} 14. Qb3 {[%emt 0:00:03]} O-O-O {[%emt 0:00:02]} 15. Bd2 {[%emt 0:00:03]} Ne4 {[%emt 0:00:05]} 16. Bxe4 {[%emt 0:00:02]} fxe4 {[%emt 0:00:02]} 17. Bb4 {[%emt 0:00:01]} Qb6 {[%emt 0:00:01]} 18. Rac1+ {[%emt 0:00:02]} Kb8 {[%emt 0:00:01]} 19. Bc5 {[%emt 0:00:01]} Qxb3 {[%emt 0:00:01]} 20. axb3 {[%emt 0:00:00]} h5 {[%emt 0:00:03]} 21. b4 {[%emt 0:00:03]} Bc6 {[%emt 0:00:01]} 22. Be7 {[%emt 0:00:01]} Rdg8 {[%emt 0:00:02]} 23. Bf6 {[%emt 0:00:01]} Rh7 {[%emt 0:00:01]} 24. f3 {[%emt 0:00:02]} exf3 {[%emt 0:00:03]} 25. Rxf3 {[%emt 0:00:02]} g4 {[%emt 0:00:01]} 26. Be5+ {[%emt 0:00:01]} Ka8 {[%emt 0:00:03]} 27. Rg3 {[%emt 0:00:01]} a6 {[%emt 0:00:03]} 28. hxg4 {[%emt 0:00:02]} hxg4 {[%emt 0:00:01]} 29. Rf1 {[%emt 0:00:02]} Be8 {[%emt 0:00:03]} 30. Rf4 {[%emt 0:00:01]} Bh5 {[%emt 0:00:01]} 31. Rf6 {[%emt 0:00:01]} Re7 {[%emt 0:00:01]} 32. Kh2 {[%emt 0:00:03]} Ree8 {[%emt 0:00:02]} 33. Kg1 {[%emt 0:00:00]} Rg5 {[%emt 0:00:03]} 34. Kf2 {[%emt 0:00:00]} Rf5+ {[%emt 0:00:01]} 35. Ke1 {[%emt 0:00:00]} Rxf6 {[%emt 0:00:01]} 36. Bxf6 {[%emt 0:00:00] Time Time Time Time Time (Lag: Av=0.57s, max=1.7s) (Lag: Av=0.57s, max=1.7s) (Lag: Av=0.57s, max=1.7s) (Lag: Av=0.57s, max=1.7s) (Lag: Av=0.57s, max=1.7s)} 1-0